Naruto - Statistics

General Stats
  • This quiz has been taken 235 times
  • The average score is 13 of 15
Answer Stats
Question Answer % Correct
Who is ino's father Inoichi
100%
Gaara's brother? Kankuro
100%
What is the name of hiruzen sarutobi's grandson Konohamaru
100%
How many great ninja wars are there 4
95%
Kakashi.... Hatake
95%
Maito gai eternal rival Hatake
95%
Who was the first person to acknowledge naruto Iruka
95%
Puppet master Sasori
95%
Asuma is the son of the... hokage Third
95%
In which group is hinata 8
90%
Tsunade is the granddaughter of the ... hokage First
90%
Who is sai dating Ino
90%
Students of guy Lee,tenten,neji
85%
Naruto's master? Jiraiya
70%
How old was naruto by the end of naruto shipuuden 17
45%
No matching quizzes found
Score Distribution
Percent of People with Each Score
Percentile by Number Answered
Your Score History
You have not taken this quiz